Đại cương lịch sử triết học Việt Nam
Cuốn sách nhằm trình bày ý kiến của tác giả về vấn đề triết học là gì, liệu có tồn tại bộ môn triết học của Việt Nam hay không.
Αποθηκεύτηκε σε:
| Κύριος συγγραφέας: | |
|---|---|
| Μορφή: | Βιβλίο |
| Γλώσσα: | Undetermined |
| Έκδοση: |
Hà Nội
Chính trị quốc gia
2010
|
| Θέματα: | |
| Διαθέσιμο Online: | http://lrc.tdmu.edu.vn/opac/search/detail.asp?aID=2&ID=17367 |
| Ετικέτες: |
Προσθήκη ετικέτας
Δεν υπάρχουν, Καταχωρήστε ετικέτα πρώτοι!
|
| Thư viện lưu trữ: | Trung tâm Học liệu Trường Đại học Thủ Dầu Một |
|---|
| LEADER | 00924nam a2200205Ia 4500 | ||
|---|---|---|---|
| 001 | TDMU_17367 | ||
| 008 | 210410s9999 xx 000 0 und d | ||
| 082 | |a 181.009 | ||
| 090 | |b NG527 | ||
| 100 | |a Nguyễn, Hùng Hậu | ||
| 245 | 0 | |a Đại cương lịch sử triết học Việt Nam | |
| 245 | 0 | |c Nguyễn Hùng Hậu | |
| 260 | |a Hà Nội | ||
| 260 | |b Chính trị quốc gia | ||
| 260 | |c 2010 | ||
| 300 | |a 483tr. | ||
| 520 | |a Cuốn sách nhằm trình bày ý kiến của tác giả về vấn đề triết học là gì, liệu có tồn tại bộ môn triết học của Việt Nam hay không. | ||
| 650 | |a Triết học |z Việt Nam |x Lịch sử; Việt Nam |x Khía cạnh triết học | ||
| 856 | |u http://lrc.tdmu.edu.vn/opac/search/detail.asp?aID=2&ID=17367 | ||
| 980 | |a Trung tâm Học liệu Trường Đại học Thủ Dầu Một | ||